| 000 | 01313nam a22003491i 4500 | ||
|---|---|---|---|
| 001 | 020235446 | ||
| 003 | EG-ScBUE | ||
| 005 | 20230305031005.0 | ||
| 008 | 210617t2022 njua f b 001 0 eng d | ||
| 020 | _a9781292404806 (pbk.) | ||
| 020 | _a1292404809 | ||
| 040 |
_aStDuBDS _beng _erda _cStDuBDS _dEG-ScBUE |
||
| 082 | 0 | 4 |
_a658.45 _222 _bTHI |
| 100 | 1 |
_aThill, John V., _eauthor. |
|
| 245 | 1 | 0 |
_aExcellence in business communication / _cJohn V. Thill, chairman and chief executive officer, global communication strategies, Courtland L. Bovée, professor of business communication, C. Allen Paul distinguished chair, Grossmont College. |
| 250 | _aThirteenth edition. | ||
| 250 | _aGlobal edition. | ||
| 264 | 1 |
_aUpper Saddle River : _bPearson Education Limited, _c[2022] |
|
| 264 | 4 | _cc2022 | |
| 300 |
_a672 pages : _bcolor illustrations ; _c30 cm |
||
| 336 |
_atext _2rdacontent _btxt |
||
| 337 |
_aunmediated _2rdamedia _bn |
||
| 338 |
_avolume _2rdacarrier _bnc |
||
| 504 | _aIncludes bibliographical references and index. | ||
| 650 | 7 |
_aBusiness communication. _2BUEsh |
|
| 650 | 7 |
_aBusiness communication _vProblems, exercises, etc. _2BUEsh |
|
| 653 |
_bBUSADM _cMarch2023 |
||
| 655 | _vReading book | ||
| 700 | 1 |
_aBovée, Courtland L., _eauthor. |
|
| 942 |
_2ddc _cBB |
||
| 999 |
_c30188 _d30159 |
||